From 2G to 5 G (Record no. 121088)

MARC details
000 -LEADER
fixed length control field 00966nas a22002297a 4500
001 - CONTROL NUMBER
control field K121088
007 - PHYSICAL DESCRIPTION FIXED FIELD--GENERAL INFORMATION
fixed length control field ta
008 - FIXED-LENGTH DATA ELEMENTS--GENERAL INFORMATION
fixed length control field 190815b2019 ||||| |||| 00| 0 eng d
041 ## - LANGUAGE CODE
Language code of text/sound track or separate title eng
100 ## - MAIN ENTRY--PERSONAL NAME
Personal author Stratton, Chris
245 ## - TITLE STATEMENT
Title From 2G to 5 G
490 ## - SERIES TITLE
Series statement RICS Property Journal
Volume May/June 2019, 12-14(3)
520 ## - ABSTRACT
Abstract Looks at business opportunities for RICS professionals and regulated firms to offer assistance to telecommunication operators and landowners in the rollout of 5G. Refers to the Electronic Communications Code 2007 which gives operators rights for base stations on land even where site owners decline to cooperate.
650 ## - KEYWORDS
Keywords Electronic Communications Code 2017
650 ## - KEYWORDS
Keywords Base stations
650 ## - KEYWORDS
Keywords Wayleave payments
651 ## - SUBJECT ADDED ENTRY--GEOGRAPHIC NAME
Geographic name United Kingdom 1973
690 ## - LOCAL SUBJECT ADDED ENTRY--TOPICAL TERM (OCLC, RLIN)
9 (RLIN) 6252
Topical term or geographic name as entry element Landlord and tenant
700 ## - ADDED PERSONAL NAME
Added personal author Gabriel, Caroline
700 ## - ADDED PERSONAL NAME
Added personal author Shumake, Paul
856 ## - ONLINE RESOURCE
Uniform Resource Identifier https://issuu.com/ricsmodus/docs/property_journal-may-june_2019-rics/60
Holdings
Withdrawn status Lost status Damaged status Not for loan Home library Current library Shelving location Date acquired Total Checkouts Date last seen Price effective from Koha item type
        Virtual Virtual Online 15/08/2019   15/08/2019 15/08/2019 Journal article